Red Hot Chili Peppers Songs - Sudden Death - Statistics

General Stats
  • This quiz has been taken 219 times
  • The average score is 7 of 10
Answers on the Grid
Answers color-coded by a green-red scale on the quiz's grid according to % correct below.
Amber Skies Falling
Breaking the Girl
Californication
Can’t Stop
Cascading Downtown Dreams
City Lights Crashing
Colour of the Freeway
Dani California
Desecration Smile
Echoes on Melrose
Fire Escape Serenade
Hard to Concentrate
Living in the Sandstorm
Lonely Satellite Drive
Lost in the Echo Drift
Midnight Boulevard
My Lovely Man
Neon River Flow
Ocean Pulse Revival
Painted Skies of L.A.
Rooftop Ember Nights
Scar Tissue
Sidewalk Butterfly
Snow (Hey Oh)
Static Heartbeat
Streetlight Daydream Riot
The Colour of Running Water
Under the Bridge
Velvet Sun Parade
Young Desert Spirit
 
Answer Stats
Answer % Correct
Californication
99%
Can’t Stop
93%
Under the Bridge
90%
Dani California
87%
Scar Tissue
86%
Snow (Hey Oh)
82%
Breaking the Girl
59%
Desecration Smile
40%
My Lovely Man
38%
Hard to Concentrate
31%
No matching quizzes found
Score Distribution
Percent of People with Each Score
Percentile by Number Answered
Your Score History
You have not taken this quiz